000 00801cam a2200253 a 4500
020 _a0026428466
040 _cDLC
082 _a643 GLE 1997 A049 Or.
100 1 _aSherwood, Ruth F.
245 1 0 _aHomes, today and tomorrow /
250 _a5th ed.
260 _aNew York, N.Y. :
_bGlencoe/McGraw-Hill,
_cc1997.
300 _axiv, 578 p. :
_bill. (some col.) ;
_c29 cm.
500 _aIncludes index.
520 _aA textbook examining the theory and history of house design, construction, and furnishing, as well as factors to be considered when buying a house.
650 0 _aDesign
650 0 _aInterior decoration
650 0 _aHouse buying
650 1 _aDwellings.
650 1 _aInterior decoration.
650 1 _aHouse construction.
650 1 _aHouse furnishings.
942 _cEK
999 _c14049
_d14049